Deprivation of female farm labourers in Jharkhand region of Bihar (Record no. 29673)

000 -LEADER
fixed length control field 00516pab a2200181 454500
008 - FIXED-LENGTH DATA ELEMENTS--GENERAL INFORMATION
fixed length control field 180718b1993 xxu||||| |||| 00| 0 eng d
100 ## - MAIN ENTRY--PERSONAL NAME
Personal name Sharan, Ramesh
245 ## - TITLE STATEMENT
Title Deprivation of female farm labourers in Jharkhand region of Bihar
260 ## - PUBLICATION, DISTRIBUTION, ETC.
Date of publication, distribution, etc. 1993
300 ## - PHYSICAL DESCRIPTION
Extent p.95-99
362 ## - DATES OF PUBLICATION AND/OR SEQUENTIAL DESIGNATION
Dates of publication and/or sequential designation Dec
650 ## - SUBJECT ADDED ENTRY--TOPICAL TERM
Topical term or geographic name entry element Agricultural labourers - India - Bihar
650 ## - SUBJECT ADDED ENTRY--TOPICAL TERM
Topical term or geographic name entry element Women in agriculture - India - Bihar
650 ## - SUBJECT ADDED ENTRY--TOPICAL TERM
Topical term or geographic name entry element Women - India - Bihar
700 ## - ADDED ENTRY--PERSONAL NAME
Personal name Dayal, Harishwar
773 ## - HOST ITEM ENTRY
Main entry heading Social Change
909 ## -
-- 29673
Holdings
Withdrawn status Lost status Damaged status Not for loan Permanent Location Current Location Date acquired Serial Enumeration / chronology Barcode Date last seen Price effective from Koha item type
        Indian Institute of Public Administration Indian Institute of Public Administration 2018-07-19 Volume no: 23, Issue no: 4 AR29814 2018-07-19 2018-07-19 Articles

Powered by Koha